Roblox Rise of Nations: Releasables Quiz - Statistics

General Stats
  • This quiz has been taken 145 times
    51 since last reset
  • The average score is 44 of 213
Answer Stats
Released From Capital Releasable % Correct
Georgia Sukhumi Abkhazia
71%
United States Miami Confederate States of America
63%
Indonesia Banda Aceh Aceh
60%
United States Anchorage Alaska
57%
France Rennes Brittany
54%
United States Phoenix Aztlan
51%
United States Los Angeles California
51%
United Kingdom Glasgow Scotland
51%
Brazil Manaus Amazonia
49%
Iraq and Syria Mosul or Dayr az Zawr Assyria
49%
Iran, Iraq, Syria, and Turkey Kermanshah, Erbil, Al Qamishli, or Diyarbakir Kurdistan
49%
United Kingdom Cardiff Wales
49%
Canada Calgary Alberta
46%
United States and Canada Seattle or Vancouver Cascadia
46%
Russia Rostov-on-Don Don
46%
China Urumqi East Turkestan
46%
China Shenyang Manchuria
46%
Italy Palermo Sicily
46%
France Strasbourg Alsace
43%
Spain and France Barcelona or Perpignan Catalonia
43%
France Ajaccio Corsica
43%
Ukraine Donetsk Donetsk
43%
Ukraine Luhansk Luhansk
43%
United States Boston New England
43%
Italy Cagliari Sardinia
43%
Russia Novosibirsk Siberia
43%
China Yaan Tibet
43%
Mexico Tijuana Baja California
40%
Germany Munich Bavaria
40%
Russia Vladivostok Far Eastern Republic
40%
United States Honolulu Hawaii
40%
Italy Naples Naples
40%
Myanmar Taunggyi Shan
40%
United States Dallas Texas
40%
Finland Mariehamm Aland
37%
United Kingdom Penzance Cornwall
37%
France Toulouse Occitania
37%
Brazil Rio de Janeiro Rio de Janeiro
37%
Brazil São Paulo São Paulo
37%
Spain Zaragoza Aragon
34%
Spain and France Bilbao or Biarritz Basque
34%
South Africa Cape Town Cape Republic
34%
Spain Vigo Galicia
34%
Brazil Recife Nordeste
34%
Georgia and Russia Tskhinvali or Vladikavkaz Ossetia
34%
Germany Dresden Saxony
34%
Iran Ahvaz Al-Ahwaz
31%
Cameroon Bamenda Ambazonia
31%
Spain Seville Andalusia
31%
China Hefei Anhui
31%
Indonesia Denpasar Bali
31%
Ukraine Sevastopol Crimea
31%
United Kingdom Manchester Northumbria
31%
Argentina and Chile Comodoro Rivadavia or Punta Arenas Patagonia
31%
Canada Montréal Quebec
31%
Brazil Porto Alegre Sul
31%
Niger Agadez Agadez
29%
Spain Palma Balearic Islands
29%
Spain Las Palmas Canary Islands
29%
Belgium Antwerpen Flanders
29%
United Kingdom Birmingham Mercia
29%
China Shanghai Shanghai
29%
Mexico Mérida Yucatan
29%
Ethiopia and Eritrea Semera Assab Afar
26%
Pakistan Gilgit Balochistan
26%
Ukraine Uzhhorod Carpathian Rus
26%
India Madurai Dravida Nadu
26%
Netherlands and Germany Groningen or Emden Frisia
26%
China Zhangye Hexi
26%
Russia Kaliningrad Kaliningrad
26%
Russia Petrozavodsk Karelia
26%
Serbia Pristina Kosovo
26%
Italy Milan Lombardy
26%
United States San Juan Puerto Rico
26%
Canada Saskatoon Saskatchewan
26%
Italy Trieste Trieste
26%
Russia Yekaterinburg Ural Republic
26%
India Dispur Assam
23%
Mali Gao Azawad
23%
Antigua and Barbuda Codrington Barbuda
23%
Russia Grozny Chechnya
23%
France Marseille Provence
23%
Russia Saint Petersburg Saint Petersburg
23%
Somalia Hargeisa Somaliland
23%
Italy Florence Tuscany
23%
Spain Valencia Valencia
23%
Belgium Liège Wallonia
23%
Russia Yakutsk Yakutia
23%
India Itanagar Arunachal Pradesh
20%
Spain Gijón Asturias
20%
Ukraine Izmail Budjak
20%
Russia Sochi Circassia
20%
China Guangzhou Guangdong
20%
Italy Turin Piedmont
20%
Morocco Tangier Rif
20%
Bolivia Santa Cruz Santa Cruz
20%
Romania Cluj-Napoca Transylvania
20%
Australia Perth Westralia
20%
DRC Matadi Bas-Congo
17%
Russia Vyborg Ingria
17%
Malaysia Johor Bahru Johor
17%
Algeria Béjaïa Kabylia
17%
Russia Syktyvkar Komi
17%
Italy Genoa Liguria
17%
Cyprus North Nicosia Northern Cyprus
17%
Thailand Pattani Pattani
17%
Sweden Malmö Scania
17%
Australia Hobart Tasmania
17%
China Kunming Yunnan
17%
Azerbaijan Stepenakurt Artsakh
14%
Russia Astrakhan Astrakhan
14%
Russia Ufa Bashkortostan
14%
Nigeria Port Harcourt Biafra
14%
Papua New Guinea Arawa Bougainville
14%
Vietnam Buon Me Thuot Degar
14%
China Fuzhou Hok-giong
14%
DRC Lubumbashi Katanga
14%
India and Pakistan Ludhiana or Lahore Khalistan
14%
Russia Krasnodar Kuban
14%
Argentina Mendoza Mendoza
14%
Russia Komsomolsky Moksha
14%
China Hohhot Southern Mongolia
14%
Afghanistan Herat South Turkestan
14%
Moldova Tiraspol Transnistria
14%
Russia Kyzyl Tuva
14%
Italy Verona Venetia
14%
Morocco Laayoune Western Sahara
14%
Russia Botlikh Avaria
11%
Pakistan Gilgit Balawaristan
11%
Philippines Cotabato City Bangsamoro
11%
Russia Ulan-Ude Buryatia
11%
Angola Cabinda Cabinda
11%
Sudan Niyala Darfur
11%
Italy Modena Emilia
11%
Brazil Vitória Espirito Santo
11%
Italy Udine Friuli
11%
China Hechi Guangxi
11%
China Wuhan Hubei
11%
China Yinchuan Hui
11%
Russia Nazran Ingushetia
11%
Uzbekistan Nukus Karakalpakstan
11%
Azerbaijan and Russia Khachmaz or Derbent Lezgistan
11%
Russia Yoshkar-Ola Mari El
11%
Kenya Mombasa Mombasa
11%
Saint Kitts and Nevis Charlestown Nevis
11%
Italy Bologna Romagna
11%
Switzerland Geneva Romandie
11%
France Annecy Savoy
11%
China Taiyuan Shanxi
11%
Yemen Aden South Yemen
11%
Russia Kazan Tatarstan
11%
Italy Aosta Valdosta
11%
Tanzania Zanzibar Zanzibar
11%
Comoros Mutsamudu Anjouan
9%
Russia Nalchik Balkaria
9%
Namibia and Zambia Katima Mulilo or Livingstone Barotseland
9%
Senegal Ziguinchor Casamance
9%
Russia Ulyanovsk Erzya
9%
Afghanistan Ghazni Hazarajat
9%
China Changsha Hunan
9%
Russia Elista Kalmykia
9%
Burma Loikaw Kayah
9%
Nepal Biratnagar Kirat
9%
India Aizawl Mizoram
9%
India Kohima Nagalim
9%
Nigeria Lagos Oduduwa
9%
Ethiopia Kebridahar Ogaden
9%
Russia Arkhangelsk Pomorje
9%
China Lanzhou Qinghai
9%
China Chengdu Sichuan
9%
Iran Tabriz South Azerbaijan
9%
Ghana Ho Western Togoland
9%
South Africa Durban Zululand
9%
Russia Cheboksary Chuvashia
6%
India Siliguri Gorkhaland
6%
China Haikou Hai-Nam
6%
Burma Myitkyina Kachin
6%
India Imphal Kangleipak
6%
Russia Cherkessk Karachay
6%
Pakistan Peshawar Khyber Pakhtunkhwa
6%
Russia Makhachkala Kumykia
6%
Angola Capenda-Camulemba Lunda-Tchokwe
6%
Nepal Janakpur Madhesh
6%
New Zealand Christchurch New Munster
6%
Colombia San Andrés San Andres
6%
Sri Lanka Trincomalee Tamil Eelam
6%
Russia Stavropol Terek
6%
Ethiopia Adigrat Tigray
6%
India Agartala Tripura
6%
South Africa Saldanha Volkstaat
6%
Argentina and Chile Concepción or Mar del Plata Wallmapu
6%
Russia Surgut Yugra
6%
China Guiyang Guizhou
3%
China Changting Hakkaland
3%
China Nanjing Jiangsu
3%
DRC Bukavu Kivu
3%
China Nanchang Kongsi
3%
Central African Republic Kaga Bandoro Logone
3%
India Shilong Meghalaya
3%
Indonesia Manado Minahasa
3%
Zimbabwe Bulawayo Mthwakazi
3%
Comoros Fomboni Mwali
3%
Ethiopia Nazret Oromia
3%
Indonesia Pekanbaru Riau
3%
Malaysia Sabahan Sabah
3%
Malaysia Kuching Sarawak
3%
India and Pakistan Bhuj or Karachi Sindhudesh
3%
Republic of Congo Pointe-Noire South Congo
3%
Azerbaijan Lankaran Talysh-Mughan
3%
Russia Izhevsk Udmurtia
3%
China Jinan Shandong
0%
Indonesia Ambon South Maluku
0%
South Africa Port Elizabeth Xhosaland
0%
No matching quizzes found
Score Distribution
Percent of People with Each Score
Percentile by Number Answered
Your Score History
You have not taken this quiz since the last reset